ბათუმის შოთა რუსთაველის სახელმწიფო უნივერსიტეტის ბიბლიოთეკა

English Grammar book. Roundup new and Updated (ბიბ.ჩანაწერი № 50451)

000 -LEADER
fixed length control field 00473nam a2200205Ia 4500
001 - CONTROL NUMBER
control field 17397
003 - CONTROL NUMBER IDENTIFIER
control field GE_BSU
008 - FIXED-LENGTH DATA ELEMENTS--GENERAL INFORMATION
fixed length control field 181216s||||||||xx |||||||||||||| ||und||
020 ## - INTERNATIONAL STANDARD BOOK NUMBER
International Standard Book Number 0582823439
040 ## - CATALOGING SOURCE
Transcribing agency GE_BSU
080 ## - UNIVERSAL DECIMAL CLASSIFICATION NUMBER
Universal Decimal Classification number 811.111
100 ## - MAIN ENTRY--PERSONAL NAME
Personal name Evans, Virginia
245 ## - TITLE STATEMENT
Title English Grammar book. Roundup new and Updated
260 ## - PUBLICATION, DISTRIBUTION, ETC.
Date of publication, distribution, etc. 2005
300 ## - PHYSICAL DESCRIPTION
Extent 189p.
653 ## - INDEX TERM--UNCONTROLLED
Uncontrolled term English Grammar book
653 ## - INDEX TERM--UNCONTROLLED
Uncontrolled term English Grammar book
942 ## - ADDED ENTRY ELEMENTS (KOHA)
Koha item type წიგნი
ეგზემპლარები
Withdrawn status Lost status Damaged status Not for loan Date acquired Barcode Date last seen Price effective from Koha item type
        2018-12-17 1401 2018-12-17 2018-12-17 წიგნი